000 00620nam a2200181Ia 4500
008 090124s9999 xx 000 0 und d
082 _b46898
100 _aपवार डॉ. सुधाकर
245 _a पत्रकारितेची मूलतत्वे
250 _a2
260 _c2006
300 _a142+28
600 _aपवार डॉ. सुधाकर
630 _a पत्रकारितेची मूलतत्वे
700 _aपवार डॉ. सुधाकर
730 _a पत्रकारितेची मूलतत्वे
942 _cBOOK
999 _c113121
_d113121